000 00481nam a22001697a 4500
005 20140310182817.0
008 130301t xxu||||| |||| 00| 0 eng d
020 _a978-1-11174986-6
050 _aQA 76.5
_b.An545 2008
100 _aAnderson, Greg
245 _aComputer fundamentals and logic formulation /
_cGreg Anderson.
260 _aSingapore :
_bThomson Asian,
_c2008.
300 _a351 p. :
_bill. ;
_c24 cm.
521 _aIT
942 _2lcc
_cBK
_kFOR
999 _c16299
_d16299